Congregación General XXXII de la Compañía de Jesús : decretos : 2 diciembre 1974 - 7 marzo 1975 /

Gorde:
Xehetasun bibliografikoak
Erakunde egilea: Compañía de Jesús. Congregación General (32)
Beste egile batzuk: Arrupe, Pedro (carta) (carta)
Formatua: Liburua
Hizkuntza:gaztelania
Argitaratua: Madrid, España : editorial no identificada, 1975
Etiketak: Etiketa erantsi
Etiketarik gabe, Izan zaitez lehena erregistro honi etiketa jartzen!

MARC

LEADER 00000nam^a2200000^a^4500
001 000613931
005 20250521000000.0
009 20260310133632.467
020 |a 84-7128-251-8 
037 |a Acervo Xavier Clavigero 
041 |a ESP 
091 |a FDU. 01308 
110 |a Compañía de Jesús.  |b Congregación General (32) 
240 1 1 |a [Congregación General XXXII] 
245 1 0 |a Congregación General XXXII de la Compañía de Jesús :  |b decretos : 2 diciembre 1974 - 7 marzo 1975 / 
264 1 |a Madrid, España :  |b editorial no identificada,  |c 1975 
300 |a 144 p. 
336 |a texto  |b txt  |2 rdacontenido 
337 |a sin mediación  |b n  |2 rdamedio 
338 |a volumen  |b nc  |2 rdasoporte 
649 |a XX 
700 |a Arrupe, Pedro  |e (carta) 
910 |a Fondo Víctor Raúl Durana Valerio S.J. 
920 |a Impresos - Libros 
930 |a Fondos Especiales 
940 |a Jesuitas 
905 |a 116 
901 |a 613931-10  |b IT2  |c ESP  |i D3737  |u 20250521 
902 |a https://opac.biblio.iteso.mx/vufind/Record/000613931